[Event "Singapore Masters 3rd"]
[Site "Singapore"]
[Date "2006.12.30"]
[Round "9"]
[White "Toh, Terry"]
[Black "Situru, Nathanael"]
[Result "1-0"]
[WhiteElo "2410"]
[BlackElo "2388"]
[PlyCount "85"]
[EventDate "2006.12.26"]
[EventType "swiss"]
[EventRounds "9"]
[EventCountry "SIN"]
[SourceTitle "CBM 116 Extra"]
[Source "ChessBase"]
[SourceDate "2007.03.07"]
[SourceVersion "1"]
[SourceVersionDate "2007.03.07"]
[SourceQuality "1"]

1. c4 e5 2. g3 g6 3. Bg2 Bg7 4. Nc3 d6 5. e4 Nc6 6. Nge2 h5 7. h4 Nd4 8. Nxd4 exd4 9. Ne2 c5 10. Nf4 Ne7 11. d3 a6 12. 0-0 Bg4 13. Qc2 Nc6 14. Nd5 b5 15. b3 0-0 16. Bg5 f6 17. Bd2 Ra7 18. cxb5 axb5 19. b4 c4 20. f3 Bd7 21. dxc4 Ne5 22. c5 Nc4 23. cxd6 Be6 24. Ne7+ Rxe7 25. dxe7 Qxe7 26. a4 d3 27. Qd1 f5 28. exf5 gxf5 29. Ra2 f4 30. Bxf4 Rxf4 31. gxf4 Bd4+ 32. Rff2 Bf5 33. axb5 Qxb4 34. Bh3 Nb2 35. Qb1 Bxf2+ 36. Kxf2 Qc5+ 37. Kg3 d2 38. Bxf5 Qe3 39. Bh7+ Kf8 40. Qf5+ Ke7 41. Qg5+ Kd7 42. Qg7+ Ke6 43. Ra6+ 1-0

[Event "Singapore Masters 3rd"]
[Site "Singapore"]
[Date "2006.12.28"]
[Round "6"]
[White "Li, Chao B"]
[Black "Toh, Terry"]
[Result "1-0"]
[WhiteElo "2320"]
[BlackElo "2410"]
[PlyCount "77"]
[EventDate "2006.12.26"]
[EventType "swiss"]
[EventRounds "9"]
[EventCountry "SIN"]
[SourceTitle "CBM 116 Extra"]
[Source "ChessBase"]
[SourceDate "2007.03.07"]
[SourceVersion "1"]
[SourceVersionDate "2007.03.07"]
[SourceQuality "1"]

1. e4 e5 2. Nf3 Nc6 3. Bb5 a6 4. Ba4 Nf6 5. 0-0 Be7 6. Re1 b5 7. Bb3 d6 8. c3 0-0 9. d4 exd4 10. cxd4 Bg4 11. Be3 Na5 12. Bc2 Nc4 13. Bc1 c5 14. b3 Na5 15. Nbd2 Nc6 16. h3 Bh5 17. g4 Bg6 18. d5 Ne5 19. Nh2 h6 20. f4 Ned7 21. Ndf3 Ne8 22. Bb2 Nc7 23. Kg2 Re8 24. Rc1 Bf6 25. e5 Bxc2 26. Rxc2 Be7 27. Nf1 Nf8 28. Rd2 Ng6 29. Re4 Nh4+ 30. Nxh4 Bxh4 31. Ne3 dxe5 32. fxe5 Bg5 33. Qf3 Qd7 34. Rd1 Bxe3 35. e6 fxe6 36. dxe6 Qxe6 37. Rxe6 Rxe6 38. Rd7 Bd4 39. Bxd4 1-0

[Event "Singapore Masters 3rd"]
[Site "Singapore"]
[Date "2006.12.26"]
[Round "2"]
[White "Song, Raymond"]
[Black "Toh, Terry"]
[Result "0-1"]
[WhiteElo "2219"]
[BlackElo "2410"]
[PlyCount "82"]
[EventDate "2006.12.26"]
[EventType "swiss"]
[EventRounds "9"]
[EventCountry "SIN"]
[SourceTitle "CBM 116 Extra"]
[Source "ChessBase"]
[SourceDate "2007.03.07"]
[SourceVersion "1"]
[SourceVersionDate "2007.03.07"]
[SourceQuality "1"]

1. e4 e6 2. d4 d5 3. Nc3 dxe4 4. Nxe4 Bd7 5. Nf3 Bc6 6. Bd3 Nf6 7. Nxf6+ gxf6 8. Bf4 Bd6 9. Bg3 h5 10. Qe2 Nd7 11. 0-0 Qe7 12. c4 0-0-0 13. b4 h4 14. Bxd6 Qxd6 15. d5 Ba4 16. c5 Qxd5 17. Be4 Qh5 18. c6 Ne5 19. cxb7+ Kb8 20. Qe3 h3 21. g3 Rd3 22. Bxd3 Nxf3+ 23. Kh1 Bc6 24. Be4 Bxe4 25. Qxe4 Nd2 26. Qc6 Nxf1 27. Rxf1 Rd8 28. f3 Qd5 29. Qxd5 Rxd5 30. Kg1 Kxb7 31. g4 Rd4 32. Kf2 Rxb4 33. Kg3 c5 34. Kxh3 Kc6 35. Kg3 c4 36. h4 Kc5 37. h5 c3 38. Rd1 Rb8 39. Kf2 Kc4 40. Rd7 c2 41. Ke2 Kc3 0-1

[Event "Singapore Masters 3rd"]
[Site "Singapore"]
[Date "2006.12.26"]
[Round "1"]
[White "Toh, Terry"]
[Black "Nguyen, Ngoc Truong Son"]
[Result "0-1"]
[WhiteElo "2410"]
[BlackElo "2534"]
[PlyCount "105"]
[EventDate "2006.12.26"]
[EventType "swiss"]
[EventRounds "9"]
[EventCountry "SIN"]
[SourceTitle "CBM 116 Extra"]
[Source "ChessBase"]
[SourceDate "2007.03.07"]
[SourceVersion "1"]
[SourceVersionDate "2007.03.07"]
[SourceQuality "1"]

1. c4 e5 2. g3 Nc6 3. Bg2 g6 4. Nc3 Bg7 5. e4 Nge7 6. Nge2 0-0 7. 0-0 Nd4 8. Nxd4 exd4 9. Ne2 d6 10. Rb1 a5 11. b3 Nc6 12. d3 Bd7 13. a3 Rb8 14. Qc2 b5 15. Bb2 bxc4 16. dxc4 Qg5 17. Nf4 Qc5 18. Nd3 Qb6 19. Ba1 Ne5 20. h3 f5 21. b4 axb4 22. Rxb4 Qa7 23. Rfb1 Rxb4 24. axb4 fxe4 25. Nxe5 dxe5 26. Qxe4 Kh8 27. Re1 Qa2 28. Qe2 Qxe2 29. Rxe2 h5 30. Ra2 Be6 31. Ra7 Rb8 32. Be4 Kh7 33. Ra6 Bf5 34. Bxf5 gxf5 35. b5 h4 36. gxh4 e4 37. Kf1 f4 38. f3 e3 39. Ke2 Re8 40. Ra2 Kg6 41. Kd3 Kh5 42. c5 Kxh4 43. Rg2 Bf6 44. b6 cxb6 45. cxb6 Kxh3 46. Rb2 Kg3 47. b7 Rb8 48. Rb6 Bh8 49. Bxd4 Bxd4 50. Kxd4 e2 51. Re6 Kxf3 52. Kd3 Rxb7 53. Kd2 0-1

[Event "IECG QM.2003.0.00053 email"]
[Site "IECG email"]
[Date "2003.02.15"]
[Round "?"]
[White "Bonehill, Andrew J"]
[Black "Toh, Terry"]
[Result "1-0"]
[WhiteElo "2200"]
[BlackElo "2380"]
[PlyCount "33"]
[EventDate "2003.02.15"]
[EventType "tourn (corr)"]
[EventRounds "6"]
[SourceTitle "Corr 2008"]
[Source "ChessBase"]
[SourceDate "2008.06.24"]
[SourceVersion "1"]
[SourceVersionDate "2008.06.24"]
[SourceQuality "1"]

1. e4 e5 2. Nf3 Nc6 3. Bb5 a6 4. Ba4 Nf6 5. 0-0 Be7 6. Re1 b5 7. Bb3 0-0 8. d3 d6 9. c3 Na5 10. Bc2 c5 11. Nbd2 Nc6 12. Nf1 Re8 13. Ne3 d5 14. exd5 Nxd5 15. Nxd5 Qxd5 16. d4 cxd4 17. Be4 1-0

[Event "IECG CM.2003.0.00210 email"]
[Site "IECG email"]
[Date "2003.02.04"]
[Round "?"]
[White "Monasterio, Manuel Gerardo"]
[Black "Toh, Terry"]
[Result "1-0"]
[WhiteElo "2201"]
[BlackElo "2380"]
[PlyCount "27"]
[EventDate "2003.02.04"]
[EventType "tourn (corr)"]
[EventRounds "6"]
[SourceTitle "Corr 2008"]
[Source "ChessBase"]
[SourceDate "2008.06.24"]
[SourceVersion "1"]
[SourceVersionDate "2008.06.24"]
[SourceQuality "1"]

1. d4 Nf6 2. c4 e6 3. Nf3 d5 4. g3 dxc4 5. Bg2 b5 6. a4 c6 7. axb5 cxb5 8. Ne5 Nd5 9. Nc3 Bb4 10. 0-0 Bxc3 11. e4 Bxb2 12. exd5 Bxa1 13. Ba3 exd5 14. Qh5 1-0

[Event "Pools schev"]
[Site "Singapore"]
[Date "1997.??.??"]
[Round "8"]
[White "Toh, Terry"]
[Black "Handoko, Edhi"]
[Result "1-0"]
[WhiteElo "2395"]
[BlackElo "2470"]
[PlyCount "101"]
[EventDate "1997.05.31"]
[EventType "schev"]
[EventRounds "10"]
[EventCountry "SIN"]
[SourceTitle "CBM 058 Extra"]
[Source "ChessBase"]
[SourceDate "1997.07.29"]
[SourceVersion "1"]
[SourceVersionDate "1997.07.29"]
[SourceQuality "1"]

1. d4 d5 2. c4 e6 3. Nc3 c6 4. cxd5 exd5 5. Nf3 Nf6 6. Bg5 Nbd7 7. e3 Qa5 8. Nd2 Ne4 9. Ndxe4 dxe4 10. Bf4 Bb4 11. Qc2 Nf6 12. Bc4 0-0 13. 0-0 Bf5 14. Be5 Nd7 15. Bg3 Bxc3 16. bxc3 Rac8 17. Bd6 Rfd8 18. Qb3 Bg6 19. Qxb7 Nb6 20. Bb4 Qh5 21. Bb3 Rd7 22. Qa6 Qg5 23. Bc5 Rb8 24. Rfb1 Bf5 25. a4 h5 26. Bc4 Qd8 27. Ba2 Kh7 28. Qe2 g6 29. Qa6 h4 30. h3 Ra8 31. Rb4 Nd5 32. Bxd5 cxd5 33. Rab1 Be6 34. Rb7 Rxb7 35. Qxb7 a5 36. Rb6 Kg8 37. Kh2 Qe8 38. Bd6 Rc8 39. Be5 Rxc3 40. Qa7 Rc8 41. Qxa5 Kh7 42. Qb4 g5 43. a5 Rc2 44. Rb8 Bc8 45. Qd6 Qe6 46. Qf8 f6 47. Rb6 Rc6 48. Rxc6 Qxc6 49. Qf7+ Kh6 50. Bxf6 Qd6+ 51. Be5 1-0

[Event "Pools schev"]
[Site "Singapore"]
[Date "1997.??.??"]
[Round "2"]
[White "Toh, Terry"]
[Black "Rogers, Ian"]
[Result "0-1"]
[WhiteElo "2395"]
[BlackElo "2600"]
[PlyCount "104"]
[EventDate "1997.05.31"]
[EventType "schev"]
[EventRounds "10"]
[EventCountry "SIN"]
[SourceTitle "CBM 058 Extra"]
[Source "ChessBase"]
[SourceDate "1997.07.29"]
[SourceVersion "1"]
[SourceVersionDate "1997.07.29"]
[SourceQuality "1"]

1. d4 g6 2. e4 Bg7 3. Nc3 d6 4. Nf3 a6 5. a4 b6 6. Be2 Bb7 7. Be3 Nd7 8. 0-0 e6 9. h3 Ne7 10. Qd2 h6 11. Bd3 c5 12. dxc5 dxc5 13. Rad1 g5 14. Qe2 Ng6 15. Nd2 Qc7 16. Nc4 0-0 17. Bc1 Rfd8 18. Qh5 Nde5 19. Nxe5 Qxe5 20. g3 Qc7 21. Rfe1 Rd7 22. Bf1 Rad8 23. Rxd7 Rxd7 24. Bg2 Bc6 25. Bf1 Bb7 26. Bg2 Qc6 27. Rd1 Rxd1+ 28. Qxd1 Bd4 29. Qh5 Kg7 30. h4 f6 31. Bd2 Qd6 32. Qf3 Bc6 33. hxg5 hxg5 34. Qd3 Ne5 35. Qe2 c4 36. Be3 Bxe3 37. Qxe3 Qb4 38. Qc1 Bxa4 39. Nxa4 Qxa4 40. f4 Nf7 41. e5 fxe5 42. fxg5 Qb4 43. Kh2 Qe7 44. Qe3 b5 45. Qb6 Qxg5 46. Qxa6 Qh6+ 47. Kg1 Qc1+ 48. Kh2 Qxb2 49. Qxe6 Qxc2 50. Qd7 c3 51. Kg1 Qc1+ 52. Kf2 c2 0-1

[Event "Asia-chT fin 11th"]
[Site "Singapore"]
[Date "1995.12.19"]
[Round "6"]
[White "Toh, Terry"]
[Black "Zagrebelny, Sergey"]
[Result "0-1"]
[WhiteElo "2408"]
[BlackElo "2510"]
[PlyCount "148"]
[EventDate "1995.12.14"]
[EventType "team-tourn"]
[EventRounds "9"]
[EventCountry "SIN"]
[SourceTitle "CBM 050 Extra"]
[Source "ChessBase"]
[SourceDate "1996.03.01"]
[SourceVersion "1"]
[SourceVersionDate "1996.03.01"]
[SourceQuality "1"]
[WhiteTeam "Singapore"]
[BlackTeam "Uzbekistan"]
[WhiteTeamCountry "SIN"]
[BlackTeamCountry "UZB"]

1. e4 c5 2. Nf3 d6 3. d4 cxd4 4. Nxd4 Nf6 5. Nc3 a6 6. Bc4 e6 7. Bb3 Be7 8. 0-0 0-0 9. Qf3 Nbd7 10. Qg3 Nc5 11. Bh6 Ne8 12. Rad1 Nxb3 13. axb3 Bh4 14. Qg4 f5 15. exf5 exf5 16. Qe2 gxh6 17. Nd5 Ng7 18. Rfe1 Bd7 19. Nf3 Bf6 20. Qc4 Kh8 21. Qf4 h5 22. Qh6 Bc6 23. h4 Bxd5 24. Rxd5 Kg8 25. Ng5 Bxg5 26. hxg5 Re8 27. Red1 Re6 28. Rxd6 Qe8 29. Rxe6 Qxe6 30. Qf6 Rf8 31. Qc3 Rc8 32. Qd2 Re8 33. c4 Qe4 34. Qd7 f4 35. f3 Qe3+ 36. Kh2 Qxb3 37. Rd4 Qe3 38. Qd5+ Kh8 39. Re4 Rxe4 40. fxe4 Qb6 41. Qf7 Ne6 42. Qxh5 Qd6 43. g6 Nf8 44. gxh7 Nxh7 45. Qe8+ Nf8 46. e5 Qh6+ 47. Kg1 Qb6+ 48. Kh2 Kg8 49. Qe7 Qh6+ 50. Kg1 Qg7 51. Qd6 f3 52. Qd5+ Qf7 53. e6 f2+ 54. Kf1 Nxe6 55. c5 Nf8 56. Qg5+ Ng6 57. Qd8+ Kh7 58. Qd3 Qe7 59. Qh3+ Kg7 60. Kxf2 Qxc5+ 61. Kf3 Qd5+ 62. Kf2 Qc5+ 63. Kf3 Qd4 64. Qc8 Qf6+ 65. Ke3 Qf4+ 66. Ke2 Qe4+ 67. Kf2 Ne5 68. Qc7+ Kh6 69. Kg1 Ng4 70. Kf1 Qd3+ 71. Ke1 Qe3+ 72. Kd1 Nf2+ 73. Kc2 Qd3+ 74. Kc1 Qd1# 0-1

[Event "Genting zt"]
[Site "Genting"]
[Date "1995.??.??"]
[Round "9"]
[White "Garma, Chito"]
[Black "Toh, Terry"]
[Result "1-0"]
[WhiteElo "2390"]
[BlackElo "2315"]
[PlyCount "63"]
[EventDate "1995.07.??"]
[EventType "swiss"]
[EventRounds "11"]
[EventCountry "INA"]
[SourceTitle "CBM 047 Extra"]
[Source "ChessBase"]
[SourceDate "1995.09.01"]
[SourceVersion "1"]
[SourceVersionDate "1995.09.01"]
[SourceQuality "1"]

1. e4 e6 2. d4 d5 3. e5 c5 4. c3 Nc6 5. Nf3 Qb6 6. Be2 cxd4 7. cxd4 Nge7 8. Na3 Nf5 9. Nc2 Bb4+ 10. Kf1 Be7 11. b4 Bd7 12. a3 0-0 13. h4 f6 14. g4 Nfxd4 15. Ncxd4 fxe5 16. Nf5 exf5 17. Qxd5+ Kh8 18. Qxd7 Rad8 19. Qe6 e4 20. Be3 Qc7 21. Ng5 Rf6 22. Qc4 Qe5 23. Rd1 Rdf8 24. Rd5 Qa1+ 25. Kg2 Qb2 26. Bc1 Qa1 27. Rxf5 Rxf5 28. gxf5 h6 29. Nf7+ Kh7 30. Bh5 Ne5 31. Qxe4 Bf6 32. Bf4 1-0

[Event "Genting zt"]
[Site "Genting"]
[Date "1995.??.??"]
[Round "11"]
[White "Handoko, Edhi"]
[Black "Toh, Terry"]
[Result "1-0"]
[WhiteElo "2500"]
[BlackElo "2315"]
[PlyCount "122"]
[EventDate "1995.07.??"]
[EventType "swiss"]
[EventRounds "11"]
[EventCountry "INA"]
[SourceTitle "CBM 047 Extra"]
[Source "ChessBase"]
[SourceDate "1995.09.01"]
[SourceVersion "1"]
[SourceVersionDate "1995.09.01"]
[SourceQuality "1"]

1. e4 e6 2. d4 d5 3. exd5 exd5 4. Nf3 Bd6 5. Bd3 Nc6 6. 0-0 Bg4 7. c3 Nge7 8. Re1 Qd7 9. Nbd2 0-0 10. Qc2 Bf5 11. Nf1 Bxd3 12. Qxd3 Ng6 13. Ng3 Rae8 14. Bd2 a6 15. b4 Rxe1+ 16. Rxe1 Re8 17. Rxe8+ Qxe8 18. Nf5 Bf4 19. g3 Bxd2 20. Nxd2 Nce7 21. Nxe7+ Nxe7 22. Nb3 Nc8 23. Qf5 Nd6 24. Qxd5 Qe1+ 25. Kg2 Qxc3 26. Nc5 h6 27. Nxb7 Qxb4 28. Nc5 a5 29. Qa8+ Kh7 30. Nd7 Qe1 31. Nc5 Qd2 32. Qd5 Qc2 33. a4 Kg6 34. h4 Qf5 35. Qc6 Kh7 36. Qf3 Qc2 37. h5 Qd2 38. Qd5 Qe2 39. Nb3 Qe8 40. Nc5 Qe2 41. Nb3 Qe8 42. Nc5 Qe2 43. Nd7 Qe8 44. Qc6 Qd8 45. Ne5 Kg8 46. Qd5 Qb8 47. Qxa5 Qb7+ 48. Nf3 Nc4 49. Qc3 Qd5 50. Qb4 Na5 51. Qb8+ Kh7 52. Qxc7 Nc4 53. Qc5 Qxc5 54. dxc5 Kg8 55. c6 Kf8 56. Ne5 Nd6 57. c7 Ke7 58. a5 Nc8 59. Nc4 Kd7 60. Nb6+ Kxc7 61. Kf3 Kb7 1-0

[Event "Jogyakarta"]
[Site "Jogyakarta"]
[Date "1995.??.??"]
[Round "9"]
[White "Lodhi, Mahmood"]
[Black "Toh, Terry"]
[Result "1/2-1/2"]
[WhiteElo "2420"]
[BlackElo "2315"]
[PlyCount "164"]
[EventDate "1995.??.??"]
[EventType "tourn"]
[EventRounds "13"]
[EventCountry "IND"]
[SourceTitle "EXT 2003"]
[Source "ChessBase"]
[SourceDate "2002.11.25"]
[SourceVersion "1"]
[SourceVersionDate "2002.11.25"]
[SourceQuality "1"]

1. d4 d5 2. c4 c6 3. cxd5 cxd5 4. Nc3 Nc6 5. Nf3 Nf6 6. Bf4 a6 7. e3 Bg4 8. h3 Bh5 9. Qb3 Bxf3 10. gxf3 Na5 11. Qa4+ Nc6 12. Bd3 e6 13. Rc1 Bd6 14. Bg5 Qb6 15. 0-0 h6 16. Bxf6 gxf6 17. f4 f5 18. Bb5 Rc8 19. Bxc6+ Rxc6 20. Ne2 Ke7 21. Rc2 Rhc8 22. Rfc1 Qb4 23. Qxb4 Bxb4 24. Rxc6 bxc6 25. Kf1 Kd7 26. a3 Ba5 27. Rc2 Rb8 28. Nc1 Bc7 29. Nd3 Bd6 30. Ke2 Rg8 31. Rc1 Rg2 32. b4 Rg8 33. Kd2 Rg2 34. Ke2 Rg8 35. Rb1 Kc7 36. Nc5 Kb6 37. a4 Rg2 38. Rc1 Rg8 39. Nxa6 Rg2 40. Nc5 Rg8 41. Nd3 Ra8 42. a5+ Kb5 43. Rg1 Kc4 44. Rg7 Ra7 45. Rh7 Bxb4 46. Ne5+ Kb5 47. Rxf7 Rxf7 48. Nxf7 Bxa5 49. Nxh6 c5 50. dxc5 Kxc5 51. Nf7 Kc6 52. h4 Kd7 53. Ne5+ Ke8 54. h5 Kf8 55. h6 Bc3 56. Kd3 Bb2 57. Nf3 Bf6 58. Ne5 Kg8 59. Kd4 Bh4 60. Nf3 Bxf2 61. Ng5 Kh8 62. Nxe6 Kh7 63. Ng7 Kxh6 64. Nxf5+ Kh5 65. Kxd5 Kg4 66. Ke4 Be1 67. Nd4 Bc3 68. Nf3 Bb2 69. Ne5+ Kh5 70. Kf5 Kh6 71. e4 Kg7 72. Nc4 Bc1 73. e5 Kf7 74. e6+ Ke7 75. Ke5 Bxf4+ 76. Kf5 Bc1 77. Ne5 Ba3 78. Ng6+ Ke8 79. Ke4 Bb2 80. Kd5 Ba3 81. Nh4 Bc1 82. Nf5 Ba3 1/2-1/2

[Event "Genting zt"]
[Site "Genting"]
[Date "1995.??.??"]
[Round "10"]
[White "Toh, Terry"]
[Black "Ker, Anthony F"]
[Result "1/2-1/2"]
[WhiteElo "2315"]
[BlackElo "2335"]
[PlyCount "48"]
[EventDate "1995.07.??"]
[EventType "swiss"]
[EventRounds "11"]
[EventCountry "INA"]
[SourceTitle "CBM 047 Extra"]
[Source "ChessBase"]
[SourceDate "1995.09.01"]
[SourceVersion "1"]
[SourceVersionDate "1995.09.01"]
[SourceQuality "1"]

1. c4 e5 2. Nc3 d6 3. Nf3 f5 4. d4 e4 5. Ng5 Be7 6. Nh3 Nf6 7. Nf4 c6 8. h4 Na6 9. e3 Nc7 10. d5 0-0 11. Be2 Nd7 12. g3 Ne5 13. b3 c5 14. Bd2 Bf6 15. Rb1 Bd7 16. a3 a5 17. Kf1 Qe7 18. Kg2 Rfb8 19. Nb5 Nxb5 20. cxb5 Rc8 21. Bc3 Nf7 22. Bd2 b6 23. Qc2 Qe8 24. a4 Qe7 1/2-1/2

[Event "Genting zt"]
[Site "Genting"]
[Date "1995.??.??"]
[Round "3"]
[White "Tu, Hoang Thong"]
[Black "Toh, Terry"]
[Result "0-1"]
[WhiteElo "2430"]
[BlackElo "2315"]
[PlyCount "70"]
[EventDate "1995.07.??"]
[EventType "swiss"]
[EventRounds "11"]
[EventCountry "INA"]
[SourceTitle "CBM 047 Extra"]
[Source "ChessBase"]
[SourceDate "1995.09.01"]
[SourceVersion "1"]
[SourceVersionDate "1995.09.01"]
[SourceQuality "1"]

1. b3 d5 2. Bb2 c5 3. e3 a6 4. d4 cxd4 5. exd4 Nc6 6. a3 g6 7. h3 Bg7 8. Nf3 Nh6 9. Be2 0-0 10. 0-0 Nf5 11. Re1 Qb6 12. c3 e5 13. dxe5 Nxe5 14. Nxe5 Bxe5 15. Bf3 Bf6 16. Bxd5 Rd8 17. Re2 Be6 18. c4 Bxd5 19. cxd5 Nd4 20. Re4 Rxd5 21. Nc3 Rdd8 22. Na4 Qc6 23. f3 Nc2 24. Rc4 Nxa1 25. Qxa1 Bxb2 26. Qxb2 Rd1+ 27. Kf2 Qd6 28. Rc2 Rd8 29. Nc5 Qe7 30. Qc3 Rc8 31. b4 b6 32. Re2 Qh4+ 33. g3 Qxh3 34. Qf6 bxc5 35. Re7 Qf1+ 0-1

[Event "Olympiad-31"]
[Site "Moscow"]
[Date "1994.12.16"]
[Round "14.2"]
[White "Toh, Terry"]
[Black "Gallego, Ruben"]
[Result "1-0"]
[WhiteElo "2300"]
[BlackElo "2255"]
[PlyCount "106"]
[EventDate "1994.12.01"]
[EventType "team-swiss"]
[EventRounds "14"]
[EventCountry "RUS"]
[SourceTitle "CBM 045"]
[Source "ChessBase"]
[SourceDate "1995.04.01"]
[SourceVersion "1"]
[SourceVersionDate "1995.04.01"]
[SourceQuality "1"]
[WhiteTeam "Singapore"]
[BlackTeam "Andorra"]
[WhiteTeamCountry "SIN"]
[BlackTeamCountry "AND"]

1. e4 c5 2. Nf3 e6 3. d4 cxd4 4. Nxd4 Nf6 5. Nc3 d6 6. Be3 Be7 7. Be2 0-0 8. g4 Nc6 9. g5 Nd7 10. h4 a6 11. Qd2 Nxd4 12. Bxd4 b5 13. f4 b4 14. Nd1 e5 15. Be3 exf4 16. Bxf4 Ne5 17. Ne3 Be6 18. Nd5 Bxd5 19. Qxd5 Qc7 20. Rc1 a5 21. h5 a4 22. g6 Ra5 23. gxf7+ Rxf7 24. Qe6 Kh8 25. h6 g6 26. 0-0 Rf6 27. Qh3 Ra8 28. c3 Rxf4 29. Rxf4 Bg5 30. Rff1 Bxc1 31. Rxc1 a3 32. b3 Qc5+ 33. Kg2 Rf8 34. Qg3 bxc3 35. Rxc3 Qd4 36. Qe3 Qxe3 37. Rxe3 Rb8 38. Rc3 Nf7 39. b4 Nxh6 40. b5 Ra8 41. Rc7 Rb8 42. Rc3 Ra8 43. b6 Rb8 44. Rb3 Ng8 45. b7 Nf6 46. Rb4 Kg7 47. Ba6 Nd7 48. Bc4 Nc5 49. Bd5 Kf6 50. Kf3 Ke7 51. Rb5 Kd7 52. e5 Kc7 53. e6 Re8 1-0

[Event "Olympiad-31"]
[Site "Moscow"]
[Date "1994.12.15"]
[Round "13.1"]
[White "Toh, Terry"]
[Black "Quinn, Mark"]
[Result "1/2-1/2"]
[WhiteElo "2300"]
[BlackElo "2305"]
[PlyCount "124"]
[EventDate "1994.12.01"]
[EventType "team-swiss"]
[EventRounds "14"]
[EventCountry "RUS"]
[SourceTitle "CBM 045"]
[Source "ChessBase"]
[SourceDate "1995.04.01"]
[SourceVersion "1"]
[SourceVersionDate "1995.04.01"]
[SourceQuality "1"]
[WhiteTeam "Singapore"]
[BlackTeam "Ireland"]
[WhiteTeamCountry "SIN"]
[BlackTeamCountry "IRL"]

1. c4 e5 2. Nc3 Nf6 3. g3 d5 4. cxd5 Nxd5 5. Bg2 Nb6 6. Nf3 Nc6 7. 0-0 Be7 8. a3 0-0 9. b4 Be6 10. d3 a5 11. b5 Nd4 12. Bb2 f6 13. Nxd4 exd4 14. Na4 Bd5 15. Bh3 Bf7 16. Rc1 Nd5 17. Qc2 Re8 18. Rfe1 b6 19. Bg2 Rc8 20. Qb1 Bd6 21. Qa1 Qe7 22. Rc6 h5 23. Bc1 Rcd8 24. Bb2 h4 25. Bf3 Rd7 26. Qc1 Be5 27. Qa1 Bd6 28. Qc1 Be5 29. Be4 Rdd8 30. Qa1 Bd6 31. Rec1 Rd7 32. R1c2 Rf8 33. Qc1 hxg3 34. hxg3 Qe5 35. Qa1 Ne7 36. Bxd4 Qxb5 37. Nb2 Qg5 38. Be3 Qh5 39. Bf3 Qh3 40. Bg2 Qe6 41. R6c4 Bxg3 42. Re4 Qb3 43. Qc1 Bd6 44. Rc3 Qb5 45. Nc4 Nd5 46. Rc2 Nxe3 47. Nxd6 Rxd6 48. Rxe3 c5 49. Rg3 f5 50. Qa1 Rg6 51. Rb2 Qa6 52. Rxg6 Bxg6 53. Qa2+ Bf7 54. Qb1 Rb8 55. d4 cxd4 56. Qxf5 b5 57. Bd5 Qf6 58. Bxf7+ Qxf7 59. Rxb5 Rxb5 60. Qxb5 Qg6+ 61. Kf1 Qe4 62. Ke1 Qc2 1/2-1/2

[Event "Olympiad-31"]
[Site "Moscow"]
[Date "1994.12.09"]
[Round "8.2"]
[White "Hassan, Sayed Barakat"]
[Black "Toh, Terry"]
[Result "0-1"]
[WhiteElo "2415"]
[BlackElo "2300"]
[PlyCount "74"]
[EventDate "1994.12.01"]
[EventType "team-swiss"]
[EventRounds "14"]
[EventCountry "RUS"]
[SourceTitle "CBM 045"]
[Source "ChessBase"]
[SourceDate "1995.04.01"]
[SourceVersion "1"]
[SourceVersionDate "1995.04.01"]
[SourceQuality "1"]
[WhiteTeam "Egypt"]
[BlackTeam "Singapore"]
[WhiteTeamCountry "EGY"]
[BlackTeamCountry "SIN"]

1. e4 c5 2. Nf3 d6 3. d4 cxd4 4. Nxd4 Nf6 5. Nc3 a6 6. f4 Qc7 7. Nf3 Nbd7 8. a4 g6 9. Bd3 Bg7 10. 0-0 b6 11. Qe1 Bb7 12. Kh1 e5 13. Bd2 0-0 14. Qh4 exf4 15. Bxf4 Ne5 16. Nxe5 dxe5 17. Be3 Nd7 18. Rf3 Rad8 19. Raf1 Nc5 20. Bc4 Rd7 21. Bh6 Bxh6 22. Qxh6 Nxe4 23. Nxe4 Bxe4 24. Rh3 g5 25. Qxg5+ Bg6 26. Rc3 e4 27. h4 Qd8 28. Rg3 Qxg5 29. Rxg5 Kg7 30. h5 Kh6 31. Re5 Bxh5 32. Rf6+ Bg6 33. Rxb6 f5 34. Rxa6 Rd2 35. Bb3 Kg5 36. Rd5 Rf2 37. Rdd6 e3 0-1

[Event "Olympiad-31"]
[Site "Moscow"]
[Date "1994.12.05"]
[Round "5.2"]
[White "Rahman, Ziaur"]
[Black "Toh, Terry"]
[Result "1-0"]
[WhiteElo "2445"]
[BlackElo "2300"]
[PlyCount "41"]
[EventDate "1994.12.01"]
[EventType "team-swiss"]
[EventRounds "14"]
[EventCountry "RUS"]
[SourceTitle "CBM 045"]
[Source "ChessBase"]
[SourceDate "1995.04.01"]
[SourceVersion "1"]
[SourceVersionDate "1995.04.01"]
[SourceQuality "1"]
[WhiteTeam "Bangladesh"]
[BlackTeam "Singapore"]
[WhiteTeamCountry "BAN"]
[BlackTeamCountry "SIN"]

1. c4 e6 2. g3 d5 3. Bg2 Nf6 4. Nf3 Be7 5. 0-0 0-0 6. d4 Nbd7 7. Qc2 dxc4 8. Qxc4 c5 9. Rd1 a6 10. Qc2 Qb6 11. Nc3 cxd4 12. Nxd4 Nc5 13. e4 Rd8 14. e5 Nd5 15. Nf5 Bf8 16. Bg5 Re8 17. Nd6 Bxd6 18. exd6 Nb4 19. Na4 Qb5 20. Qxc5 Qxa4 21. b3 1-0

[Event "Asia-chT fin 10th"]
[Site "Kuala Lumpur"]
[Date "1993.06.??"]
[Round "5"]
[White "Toh, Terry"]
[Black "Antonio, Rogelio Jr"]
[Result "0-1"]
[WhiteElo "2408"]
[BlackElo "2558"]
[PlyCount "90"]
[EventDate "1993.06.??"]
[EventType "team-tourn"]
[EventRounds "9"]
[EventCountry "MAS"]
[SourceTitle "EXT 1998"]
[Source "ChessBase"]
[SourceDate "1997.11.17"]
[SourceVersion "1"]
[SourceVersionDate "1997.11.17"]
[SourceQuality "1"]
[WhiteTeam "Singapore"]
[BlackTeam "Philippines"]
[WhiteTeamCountry "SIN"]
[BlackTeamCountry "PHI"]

1. e4 c5 2. Nf3 Nc6 3. Bb5 Qb6 4. Nc3 e6 5. 0-0 a6 6. Bxc6 Qxc6 7. d4 cxd4 8. Qxd4 b5 9. a3 Bb7 10. Bg5 f6 11. Bh4 Bc5 12. Qd3 Ne7 13. Rad1 Rd8 14. Nd4 Bxd4 15. Qxd4 d5 16. exd5 Nxd5 17. Nxd5 Rxd5 18. Qe4 Qd7 19. Rxd5 Bxd5 20. Qb4 Qc6 21. f3 Qxc2 22. Qd6 Qc8 23. Be1 Kf7 24. Ba5 Re8 25. Bd2 Rd8 26. Qb4 Qd7 27. Be3 Bc4 28. Re1 Qc7 29. Rc1 Rd3 30. Qe1 Qd6 31. h3 g5 32. Bf2 h5 33. Qe4 f5 34. Qb7+ Qd7 35. Qxd7+ Rxd7 36. Be1 Rd3 37. Bc3 g4 38. hxg4 hxg4 39. fxg4 fxg4 40. Rf1+ Ke8 41. Rf4 g3 42. Rd4 Re3 43. a4 e5 44. Rd1 bxa4 45. Re1 Rxc3 0-1